Riconosci la Squadra di calcio - Quiz n°14 - Statistics

Statistiche generali
  • Questo quiz è stato fatto 63 volte
  • Il punteggio medio è 6 su 9
Statistiche sulle risposte
Indizio Risposta % Corretto
Colori sociali Viola, bianco
100%
Titoli nazionali 24 Bundesliga
92%
Divisione nazionale 2023-2024 Prima
82%
Trofei nazionali 27 ÖFB-Cup 6 ÖFB-Supercup
76%
Trofei internazionali 2 Coppe Mitropa 1 Coppa Intertoto
67%
Fondazione 1911
65%
Confederazione UEFA
63%
Capienza Stadio 11 800 posti
57%
Squadra Austria Vienna
27%
Nessun quiz corrispondente trovato
Distribuzione punteggi
Percentuale di utenti per punteggio
Percentile per numero di risposta
I tuoi punteggi nel tempo
Non hai fatto questo quiz